[Event "Tradewise Gibraltar Master 2015"]
[Site "Gibraltar ENG"]
[Date "2015.01.31"]
[Round "5.117"]
[White "Henrichsen, Jens"]
[Black "Aure, Anders Nilsson"]
[Result "1/2-1/2"]
[WhiteElo "2030"]
[BlackElo "1688"]
[PlyCount "90"]
[EventDate "2015.01.27"]
[EventType "swiss"]
[EventRounds "10"]
[EventCountry "ENG"]
[Source "lmi"]
[SourceDate "2015.01.27"]

1. d4 Nf6 2. Nf3 g6 3. c4 Bg7 4. Nc3 d5 5. Qb3 dxc4 6. Qxc4 O-O 7. e4 Bg4 8.
Be3 Nbd7 9. e5 Nb6 10. exf6 Nxc4 11. fxg7 Kxg7 12. Bxc4 c6 13. Ne5 Bc8 14.
O-O-O f6 15. Nd3 Bf5 16. Nc5 Qc8 17. f3 b5 18. Bb3 a5 19. g4 Bd7 20. Nxd7 Qxd7
21. Ne4 a4 22. Nc5 Qc8 23. Be6 Qb8 24. Nd7 Qd6 25. Nxf8 Rxf8 26. Rhe1 a3 27.
Bb3 axb2+ 28. Kb1 Ra8 29. Bf2 Ra7 30. Bg3 Qa3 31. h4 c5 32. dxc5 Qxc5 33. Rd8
h6 34. Rd5 Qc3 35. g5 Qxf3 36. gxf6+ exf6 37. Bh2 Qf2 38. Re8 Qxh2 39. Rdd8
Qh1+ 40. Kxb2 Qg2+ 41. Kb1 Qf1+ 42. Kb2 Qf2+ 43. Kb1 Qf1+ 44. Kb2 Qf2+ 45. Kb1
Qf1+ 1/2-1/2

[Event "Tradewise Gibraltar Master 2015"]
[Site "Gibraltar ENG"]
[Date "2015.01.31"]
[Round "5.118"]
[White "Kristinsson, Magnus"]
[Black "Lien, Kjell Hakon"]
[Result "0-1"]
[WhiteElo "1744"]
[BlackElo "2020"]
[PlyCount "70"]
[EventDate "2015.01.27"]
[EventType "swiss"]
[EventRounds "10"]
[EventCountry "ENG"]
[Source "lmi"]
[SourceDate "2015.01.27"]

1. d4 d5 2. c4 c6 3. Nc3 Nf6 4. Nf3 e6 5. Bg5 h6 6. Bh4 g5 7. Bg3 dxc4 8. e3 b5
9. Be2 Bb4 10. Qc2 Nbd7 11. O-O Bb7 12. Nd2 O-O 13. Rae1 Nd5 14. Nxd5 cxd5 15.
a3 Bxd2 16. Qxd2 Qe7 17. Bd1 f5 18. Bc2 Kg7 19. f3 a5 20. Qf2 b4 21. axb4 axb4
22. h4 Bc6 23. hxg5 hxg5 24. f4 g4 25. Bh4 Qf7 26. Ra1 b3 27. Rxa8 Rxa8 28. Bd1
Ra2 29. Bxg4 fxg4 30. Qg3 Qf5 31. Bg5 Ra8 32. Qe1 Rh8 33. Qb4 g3 34. Qe1 Rh1+
35. Kxh1 Qh7+ 0-1

[Event "Tradewise Gibraltar Master 2015"]
[Site "Gibraltar ENG"]
[Date "2015.01.31"]
[Round "5.119"]
[White "Sajjadi, Kimiya"]
[Black "Downey, Keith"]
[Result "1-0"]
[WhiteElo "1634"]
[BlackElo "1919"]
[PlyCount "43"]
[EventDate "2015.01.27"]
[EventType "swiss"]
[EventRounds "10"]
[EventCountry "ENG"]
[Source "lmi"]
[SourceDate "2015.01.27"]

1. d4 Nf6 2. c4 e6 3. Nc3 Bb4 4. e3 O-O 5. Nf3 c5 6. Bd3 d5 7. O-O dxc4 8. Bxc4
cxd4 9. Nb5 a6 10. Nbxd4 b5 11. Bb3 Qe7 12. Bd2 Bxd2 13. Qxd2 Bb7 14. Rac1 Ra7
15. Qa5 Ba8 16. Ne5 Qd6 17. f4 Nd5 18. Nxb5 Qe7 19. Nxa7 Qxa7 20. Qc5 Qxc5 21.
Rxc5 Nxe3 22. Rfc1 1-0

[Event "Tradewise Gibraltar Master 2015"]
[Site "Gibraltar ENG"]
[Date "2015.01.31"]
[Round "5.120"]
[White "Klug, Christian"]
[Black "Bohman, Leif"]
[Result "1-0"]
[WhiteElo "1884"]
[BlackElo "1803"]
[PlyCount "65"]
[EventDate "2015.01.27"]
[EventType "swiss"]
[EventRounds "10"]
[EventCountry "ENG"]
[Source "lmi"]
[SourceDate "2015.01.27"]

1. f4 d5 2. Nf3 Nf6 3. e3 Bf5 4. b3 h6 5. Bb2 e6 6. Be2 Nbd7 7. O-O Be7 8. c4
c6 9. Ne5 Bh7 10. Nc3 O-O 11. d4 Ne4 12. Nd3 Ndf6 13. a4 a5 14. Qe1 Qb6 15. c5
Qc7 16. b4 axb4 17. Nxe4 Bxe4 18. Qxb4 Bd8 19. Bc3 Nd7 20. a5 Qc8 21. Rfb1 Ra7
22. Rb3 Qa8 23. Nf2 Bg6 24. Rba3 Bc7 25. Bd2 Qd8 26. Qc3 Qe7 27. a6 Rb8 28. Nd3
f6 29. Nb4 e5 30. axb7 exd4 31. Nxc6 Qf8 32. Qxd4 Rxa3 33. Rxa3 1-0

[Event "Tradewise Gibraltar Master 2015"]
[Site "Gibraltar ENG"]
[Date "2015.01.31"]
[Round "5.121"]
[White "Beadle, John R"]
[Black "Greibrokk, Ingrid Andrea"]
[Result "0-1"]
[WhiteElo "1694"]
[BlackElo "1758"]
[PlyCount "56"]
[EventDate "2015.01.27"]
[EventType "swiss"]
[EventRounds "10"]
[EventCountry "ENG"]
[Source "lmi"]
[SourceDate "2015.01.27"]

1. e4 c5 2. Nf3 d6 3. d4 cxd4 4. Nxd4 Nf6 5. Nc3 g6 6. Be3 Bg7 7. Qd2 Ng4 8.
Be2 Nxe3 9. fxe3 O-O 10. O-O-O Nc6 11. h4 Ne5 12. h5 Ng4 13. Rdf1 a6 14. hxg6
hxg6 15. Bxg4 Bxg4 16. Rh4 Bh5 17. Nf3 Qd7 18. Rfh1 f5 19. e5 Rad8 20. Rd1 Bxf3
21. gxf3 Bxe5 22. Rg1 Kg7 23. Rxg6+ Kxg6 24. Qg2+ Kf7 25. Rh7+ Ke6 26. f4 Bxc3
27. bxc3 Qc6 28. Qg7 Rde8 0-1

[Event "Tradewise Gibraltar Master 2015"]
[Site "Gibraltar ENG"]
[Date "2015.01.31"]
[Round "5.123"]
[White "Tveten, Per"]
[Black "Homer, Neil S"]
[Result "0-1"]
[WhiteElo "1601"]
[BlackElo "1716"]
[PlyCount "104"]
[EventDate "2015.01.27"]
[EventType "swiss"]
[EventRounds "10"]
[EventCountry "ENG"]
[Source "lmi"]
[SourceDate "2015.01.27"]

1. e4 c6 2. d4 d5 3. f3 dxe4 4. fxe4 e5 5. d5 Qh4+ 6. Ke2 Qxe4+ 7. Be3 Qxd5 8.
Nc3 Bg4+ 9. Nf3 Qxd1+ 10. Rxd1 Bb4 11. h3 Bxf3+ 12. Kxf3 Bxc3 13. bxc3 Nf6 14.
Bc5 Nbd7 15. Bd6 O-O-O 16. Bc4 e4+ 17. Ke3 Nb6 18. Bxf7 Nbd5+ 19. Bxd5 Nxd5+
20. Rxd5 cxd5 21. Be5 Rd7 22. Rf1 Re8 23. Bd4 b6 24. g4 Kb7 25. h4 Ree7 26. a4
Rf7 27. Rxf7 Rxf7 28. Be5 Rf3+ 29. Kd4 g6 30. c4 e3 31. Kd3 dxc4+ 32. Ke2 Rf2+
33. Kxe3 Rxc2 34. Kd4 Ra2 35. h5 gxh5 36. gxh5 Rxa4 37. h6 Kc6 38. Kc3 Kd5 39.
Bg7 b5 40. Bf8 a6 41. Bg7 Ra2 42. Kb4 Ke4 43. Kc5 Kd3 44. Kd6 c3 45. Ke7 c2 46.
Kf8 c1=Q 47. Kg8 Rh2 48. Kxh7 Rxh6+ 49. Bxh6 Qc6 50. Bg7 Ke4 51. Kg8 Kf5 52.
Kf7 Qe6+ 0-1

[Event "Tradewise Gibraltar Master 2015"]
[Site "Gibraltar ENG"]
[Date "2015.01.31"]
[Round "5.124"]
[White "Bouxo, Luis Antonio Maximi"]
[Black "Gouait, Raymond"]
[Result "1/2-1/2"]
[WhiteElo "1711"]
[BlackElo "1595"]
[PlyCount "81"]
[EventDate "2015.01.27"]
[EventType "swiss"]
[EventRounds "10"]
[EventCountry "ENG"]
[Source "lmi"]
[SourceDate "2015.01.27"]

1. d4 Nf6 2. c4 e6 3. Nf3 b6 4. Nc3 Bb7 5. Bf4 Bb4 6. e3 O-O 7. h3 d6 8. Be2 c5
9. O-O cxd4 10. exd4 Bxc3 11. bxc3 Ne4 12. Rc1 Qf6 13. Be3 Nd7 14. Bd3 Rfc8 15.
Nd2 d5 16. Nxe4 dxe4 17. Be2 Ba6 18. Qa4 Nb8 19. Rfe1 Bb7 20. Qb3 Nc6 21. c5
Na5 22. Qb4 Nc6 23. Qb5 Qd8 24. cxb6 axb6 25. Qb2 Ba6 26. Bf4 f5 27. Qb3 Kf7
28. Bxa6 Rxa6 29. Red1 Na5 30. Qb2 Nc4 31. Qe2 g6 32. Rb1 Qd5 33. Rb4 Ra3 34.
Rb3 Rca8 35. Rxa3 Rxa3 36. Rc1 Qb5 37. Qc2 Qa5 38. Bc7 Rxa2 39. Qb3 Qa6 40. Be5
Rb2 41. Qd1 1/2-1/2

[Event "Tradewise Gibraltar Master 2015"]
[Site "Gibraltar ENG"]
[Date "2015.02.01"]
[Round "6.5"]
[White "Rodshtein, Maxim"]
[Black "Roiz, Michael"]
[Result "1/2-1/2"]
[WhiteElo "2680"]
[BlackElo "2592"]
[PlyCount "60"]
[EventDate "2015.01.27"]
[EventType "swiss"]
[EventRounds "10"]
[EventCountry "ENG"]
[Source "lmi"]
[SourceDate "2015.01.27"]

1. d4 Nf6 2. c4 e6 3. Nf3 d5 4. Bg5 Be7 5. e3 O-O 6. Nc3 Nbd7 7. Qc2 c6 8. Rd1
b6 9. Bd3 Bb7 10. O-O Rc8 11. cxd5 cxd5 12. Rc1 Ne4 13. Bxe7 Qxe7 14. Qa4 a6
15. Rc2 Nxc3 16. bxc3 Bc6 17. Qb3 b5 18. Qb4 Rfe8 19. Qa5 Ra8 20. Ra1 Rec8 21.
Nd2 Qd8 22. Qb4 Nb6 23. Rcc1 Ra7 24. Bc2 Be8 25. Qa5 Qc7 26. Rab1 f6 27. Bd1
Bg6 28. Rb4 Be8 29. Rbb1 Bg6 30. Rb4 Be8 1/2-1/2

[Event "Tradewise Gibraltar Master 2015"]
[Site "Gibraltar ENG"]
[Date "2015.02.01"]
[Round "6.9"]
[White "Naroditsky, Daniel"]
[Black "Sandipan, Chanda"]
[Result "1-0"]
[WhiteElo "2622"]
[BlackElo "2574"]
[PlyCount "110"]
[EventDate "2015.01.27"]
[EventType "swiss"]
[EventRounds "10"]
[EventCountry "ENG"]
[Source "lmi"]
[SourceDate "2015.01.27"]

1. d4 d5 2. c4 e5 3. dxe5 d4 4. Nf3 Nc6 5. a3 Nge7 6. Nbd2 a5 7. Nb3 Nf5 8. e3
dxe3 9. Qxd8+ Nxd8 10. fxe3 Be7 11. Bd2 a4 12. Nbd4 O-O 13. O-O-O Nxd4 14. Nxd4
Bh4 15. Bb4 Re8 16. Nf3 Bg4 17. Nxh4 Bxd1 18. Kxd1 Nc6 19. Bc3 Nxe5 20. Be2 g6
21. g3 Ra6 22. c5 Rf6 23. g4 Rd8+ 24. Ke1 Re6 25. Ng2 Nd3+ 26. Bxd3 Rxd3 27.
Kf2 Rd8 28. Nf4 Rc6 29. Bd4 b6 30. Nd3 bxc5 31. Nxc5 f5 32. gxf5 Rd5 33. Nxa4
Rc2+ 34. Kf3 Rxf5+ 35. Ke4 Rff2 36. Nc5 Rxh2 37. Ra1 Rhf2 38. a4 Rf8 39. a5 h5
40. a6 h4 41. a7 Ra8 42. Kd3 Rf2 43. Ne6 Rf7 44. Be5 Re7 45. Nxc7 Rxa7 46. Rxa7
Rxe5 47. e4 h3 48. Nd5 Kf8 49. Nf4 Rb5 50. Nxg6+ Kg8 51. Ne7+ Kf8 52. Nd5 Rxb2
53. Rh7 h2 54. Ke3 Rb3+ 55. Kf4 Rb2 1-0

[Event "Tradewise Gibraltar Master 2015"]
[Site "Gibraltar ENG"]
[Date "2015.02.01"]
[Round "6.10"]
[White "Lenderman, Aleksandr"]
[Black "Oparin, Grigoriy"]
[Result "1/2-1/2"]
[WhiteElo "2614"]
[BlackElo "2551"]
[PlyCount "63"]
[EventDate "2015.01.27"]
[EventType "swiss"]
[EventRounds "10"]
[EventCountry "ENG"]
[Source "lmi"]
[SourceDate "2015.01.27"]

1. d4 Nf6 2. c4 e6 3. Nc3 Bb4 4. Qc2 c5 5. dxc5 Qc7 6. Nf3 Bxc5 7. g3 a6 8. Bg2
Be7 9. b3 d6 10. O-O b6 11. Rd1 Bb7 12. Bf4 O-O 13. Rd2 Rd8 14. Rad1 h6 15. Ne1
Bxg2 16. Nxg2 Qc6 17. e4 Rd7 18. a4 Qc7 19. Rc1 Qb7 20. Rcd1 Qc7 21. Qd3 Nc6
22. Qe2 Rad8 23. Ne1 Qb7 24. Nf3 Na5 25. Rb2 Rc8 26. Rd3 Bf8 27. Rb1 Rdd8 28.
h4 Qa8 29. Be3 Qb7 30. Bf4 Qa8 31. Be3 Qb7 32. Bf4 1/2-1/2

[Event "Tradewise Gibraltar Master 2015"]
[Site "Gibraltar ENG"]
[Date "2015.02.01"]
[Round "6.11"]
[White "Wagner, Dennis"]
[Black "Bologan, Viktor"]
[Result "1-0"]
[WhiteElo "2501"]
[BlackElo "2608"]
[PlyCount "81"]
[EventDate "2015.01.27"]
[EventType "swiss"]
[EventRounds "10"]
[EventCountry "ENG"]
[Source "lmi"]
[SourceDate "2015.01.27"]

1. d4 d6 2. Nf3 g6 3. c4 f5 4. g3 Nf6 5. Bg2 Bg7 6. b3 O-O 7. Bb2 Qe8 8. O-O h6
9. Nbd2 g5 10. e3 a5 11. Bc3 c6 12. Ne1 Be6 13. Nd3 Nbd7 14. Qe2 Qg6 15. f3 d5
16. e4 fxe4 17. fxe4 Bg4 18. Qe3 dxe4 19. Nxe4 Bf5 20. Nxf6+ exf6 21. Nf2 h5
22. d5 c5 23. d6 Rae8 24. Qf3 b6 25. Rae1 g4 26. Qd5+ Kh8 27. Re7 Ne5 28. Qb7
h4 29. Bxe5 fxe5 30. Rxe8 Rxe8 31. Qxb6 hxg3 32. hxg3 e4 33. d7 e3 34. Qxg6
exf2+ 35. Rxf2 Bxg6 36. dxe8=Q+ Bxe8 37. Re2 Bh5 38. Bd5 Bd4+ 39. Kg2 Kg7 40.
Re6 Bc3 41. Be4 1-0

[Event "Tradewise Gibraltar Master 2015"]
[Site "Gibraltar ENG"]
[Date "2015.02.01"]
[Round "6.15"]
[White "Motylev, Alexander"]
[Black "Debashis, Das"]
[Result "1/2-1/2"]
[WhiteElo "2665"]
[BlackElo "2503"]
[PlyCount "60"]
[EventDate "2015.01.27"]
[EventType "swiss"]
[EventRounds "10"]
[EventCountry "ENG"]
[Source "lmi"]
[SourceDate "2015.01.27"]

1. e4 c5 2. Nf3 d6 3. Bb5+ Bd7 4. Bxd7+ Qxd7 5. c4 Nf6 6. Nc3 g6 7. d4 cxd4 8.
Nxd4 Bg7 9. f3 O-O 10. Be3 Rc8 11. b3 a6 12. O-O b5 13. Nd5 Qb7 14. Qe2 Nc6 15.
Nxc6 Rxc6 16. cxb5 axb5 17. Nb4 Rcc8 18. Rac1 d5 19. exd5 Nxd5 20. Nxd5 Qxd5
21. Rxc8+ Rxc8 22. Rc1 Rxc1+ 23. Bxc1 Qc5+ 24. Be3 Bd4 25. Bxd4 Qxd4+ 26. Kf1
Qa1+ 27. Kf2 Qd4+ 28. Kf1 Qa1+ 29. Kf2 Qd4+ 30. Kf1 Qa1+ 1/2-1/2

[Event "Tradewise Gibraltar Master 2015"]
[Site "Gibraltar ENG"]
[Date "2015.02.01"]
[Round "6.16"]
[White "Popilski, Gil"]
[Black "Iturrizaga Bonelli, Eduardo"]
[Result "1/2-1/2"]
[WhiteElo "2522"]
[BlackElo "2649"]
[PlyCount "113"]
[EventDate "2015.01.27"]
[EventType "swiss"]
[EventRounds "10"]
[EventCountry "ENG"]
[Source "lmi"]
[SourceDate "2015.01.27"]

1. d4 Nf6 2. c4 e6 3. Nf3 c5 4. d5 exd5 5. cxd5 d6 6. Nc3 g6 7. Bf4 a6 8. a4
Nh5 9. Bg5 f6 10. Bd2 f5 11. Ng5 Bh6 12. Ne6 Bxd2+ 13. Qxd2 Bxe6 14. dxe6 Nf6
15. O-O-O Nc6 16. g3 Qe7 17. Qxd6 Qxd6 18. Rxd6 Ke7 19. Rd1 Rad8 20. Bh3 Nd4
21. Bg2 Ng4 22. e3 Nxe6 23. Nd5+ Kf7 24. Rd2 c4 25. Kc2 Nc5 26. Kc3 Nxa4+ 27.
Kxc4 Nb6+ 28. Kb4 Nxf2 29. Rc1 Nxd5+ 30. Bxd5+ Kf6 31. Rcc2 Ng4 32. Bxb7 Nxe3
33. Rc6+ Kg5 34. Rxd8 Rxd8 35. Bxa6 Rd2 36. b3 Rxh2 37. Rd6 Rg2 38. Kc5 Rxg3
39. b4 Nc2 40. Bd3 Na3 41. Kd4 h5 42. Ra6 h4 43. Rxa3 h3 44. Ra1 h2 45. Rh1
Rg4+ 46. Kc5 Rh4 47. b5 Kf4 48. b6 Kg3 49. b7 Rh8 50. Bb5 f4 51. Bc6 g5 52. Kd6
g4 53. Bd7 Rb8 54. Kc7 Rxb7+ 55. Kxb7 Kg2 56. Rxh2+ Kxh2 57. Bxg4 1/2-1/2

[Event "Tradewise Gibraltar Master 2015"]
[Site "Gibraltar ENG"]
[Date "2015.02.01"]
[Round "6.17"]
[White "Edouard, Romain"]
[Black "Shyam, Sundar M"]
[Result "1/2-1/2"]
[WhiteElo "2638"]
[BlackElo "2489"]
[PlyCount "69"]
[EventDate "2015.01.27"]
[EventType "swiss"]
[EventRounds "10"]
[EventCountry "ENG"]
[Source "lmi"]
[SourceDate "2015.01.27"]

1. Nf3 d5 2. d4 Nf6 3. c4 e6 4. Nc3 Be7 5. Bf4 O-O 6. e3 Nbd7 7. cxd5 Nxd5 8.
Nxd5 exd5 9. Bd3 c6 10. O-O Re8 11. b4 Bxb4 12. Bxh7+ Kxh7 13. Qb1+ Kg8 14.
Qxb4 b6 15. Rad1 Qe7 16. Qb1 Qe4 17. Qb3 Bb7 18. Rfe1 Qg6 19. Bg3 Re6 20. a4 a5
21. Rb1 Ba6 22. Qc3 Qd3 23. Qc1 f6 24. Nd2 c5 25. dxc5 Nxc5 26. Nf3 Rc8 27. Rd1
Qc4 28. Nd4 Ree8 29. Qxc4 Bxc4 30. Ra1 Nb3 31. Nxb3 Bxb3 32. Rdb1 Rc3 33. h4
Re4 34. Kh2 Rb4 35. Ra3 1/2-1/2

[Event "Tradewise Gibraltar Master 2015"]
[Site "Gibraltar ENG"]
[Date "2015.02.01"]
[Round "6.18"]
[White "Donchenko, Alexander"]
[Black "Sutovsky, Emil"]
[Result "1/2-1/2"]
[WhiteElo "2511"]
[BlackElo "2637"]
[PlyCount "103"]
[EventDate "2015.01.27"]
[EventType "swiss"]
[EventRounds "10"]
[EventCountry "ENG"]
[Source "lmi"]
[SourceDate "2015.01.27"]

1. Nf3 Nf6 2. c4 g6 3. g3 Bg7 4. Bg2 d5 5. cxd5 Nxd5 6. Nc3 Nxc3 7. bxc3 O-O 8.
O-O Nc6 9. d4 Na5 10. Bf4 b6 11. Be5 Bb7 12. Bxg7 Kxg7 13. Re1 Be4 14. Qc1 Qd6
15. Qe3 Bd5 16. Qd3 f5 17. Rac1 Be4 18. Qb5 Rac8 19. e3 c5 20. Rcd1 cxd4 21.
Nxd4 Bxg2 22. Kxg2 Rc5 23. Qa6 Qd7 24. e4 fxe4 25. Rxe4 e5 26. Qe2 Nc6 27. Nf3
Rd5 28. Nxe5 Nxe5 29. Red4 Rxd4 30. Qxe5+ Kg8 31. Qxd4 Qxd4 32. cxd4 Rc8 33.
Rd2 Rc3 34. Kh3 Kf7 35. Kg4 Ke6 36. d5+ Kd6 37. f4 b5 38. Kg5 b4 39. g4 Rf3 40.
f5 gxf5 41. gxf5 a5 42. f6 Rf1 43. h4 Rg1+ 44. Kh6 Rg6+ 45. Kxh7 Rxf6 46. h5
Rf3 47. Kg6 Rg3+ 48. Kf6 Rh3 49. Kg5 Rg3+ 50. Kh4 Rg1 51. Rd3 Rh1+ 52. Rh3
1/2-1/2

[Event "Tradewise Gibraltar Master 2015"]
[Site "Gibraltar ENG"]
[Date "2015.02.01"]
[Round "6.19"]
[White "Tari, Aryan"]
[Black "Salgado Lopez, Ivan"]
[Result "0-1"]
[WhiteElo "2487"]
[BlackElo "2628"]
[PlyCount "166"]
[EventDate "2015.01.27"]
[EventType "swiss"]
[EventRounds "10"]
[EventCountry "ENG"]
[Source "lmi"]
[SourceDate "2015.01.27"]

1. e4 e5 2. Nf3 Nc6 3. d4 exd4 4. Nxd4 Qf6 5. Nf3 Bb4+ 6. c3 Bc5 7. Bg5 Qg6 8.
Nbd2 Nf6 9. Bc4 O-O 10. O-O Nxe4 11. Nxe4 Qxe4 12. Bd5 Qg6 13. Re1 d6 14. b4
Bb6 15. b5 Nd8 16. Be7 Re8 17. Nh4 Qg4 18. Qxg4 Bxg4 19. Bxd6 Bd7 20. Bb4 c5
21. bxc6 Nxc6 22. Nf3 h6 23. Rad1 Rxe1+ 24. Rxe1 Rd8 25. Ba3 Ba5 26. Re3 Bxc3
27. h3 Bf6 28. Bb3 Na5 29. Ne5 Nxb3 30. Nxd7 Rxd7 31. axb3 Rd1+ 32. Kh2 a5 33.
Bc5 b5 34. g3 Rc1 35. Bb6 a4 36. bxa4 bxa4 37. Re8+ Kh7 38. Ra8 Rc4 39. Kg2 g5
40. Kf3 Bb2 41. Ke2 a3 42. Kd3 Rc6 43. Be3 Kg6 44. g4 f5 45. gxf5+ Kxf5 46.
Ra5+ Kg6 47. Ke4 Rc4+ 48. Kf3 Kf6 49. Kg3 Be5+ 50. Kf3 Bd6 51. Kg2 Ke6 52. Kf3
Kd7 53. Ra6 Kc7 54. Kg2 Rc6 55. Ra7+ Kb8 56. Kf3 Rc3 57. Ra4 Bc5 58. h4 Kb7 59.
hxg5 hxg5 60. Ke2 Bxe3 61. fxe3 Kc6 62. Kd2 Rb3 63. Ra6+ Kd7 64. Ke2 g4 65. Kf2
Kc7 66. Rg6 Rb1 67. Ra6 Ra1 68. Kg3 Kb7 69. Ra4 Kb6 70. e4 Kb5 71. Ra8 Kb4 72.
Rb8+ Kc4 73. Ra8 Kd4 74. Ra4+ Ke5 75. Kg2 Kf4 76. e5+ Kxe5 77. Rxg4 Ra2+ 78.
Kf3 Kd5 79. Ke3 Ra1 80. Rd4+ Kc5 81. Rd2 a2 82. Re2 Kc4 83. Ke4 Kc3 0-1

[Event "Tradewise Gibraltar Master 2015"]
[Site "Gibraltar ENG"]
[Date "2015.02.01"]
[Round "6.20"]
[White "Smith, Axel"]
[Black "Sethuraman, S.P."]
[Result "0-1"]
[WhiteElo "2483"]
[BlackElo "2624"]
[PlyCount "112"]
[EventDate "2015.01.27"]
[EventType "swiss"]
[EventRounds "10"]
[EventCountry "ENG"]
[Source "lmi"]
[SourceDate "2015.01.27"]

1. d4 d6 2. e4 g6 3. Nc3 Bg7 4. f4 Nc6 5. Be3 Nf6 6. Be2 O-O 7. e5 dxe5 8. fxe5
Nd5 9. Nxd5 Qxd5 10. Nf3 Qe4 11. Qd3 Qxd3 12. Bxd3 Nb4 13. Be4 f5 14. exf6 exf6
15. a3 Re8 16. Kf2 Rxe4 17. axb4 Bd7 18. Rhe1 a6 19. Nd2 Ree8 20. h4 g5 21.
hxg5 fxg5 22. Nf3 h6 23. Ne5 Bxe5 24. dxe5 Rxe5 25. Bd4 Rf5+ 26. Kg1 Kf7 27.
Ra3 Rf4 28. Bc5 Re8 29. Rxe8 Bxe8 30. Rf3 Ke6 31. Kf2 Re4 32. Re3 Kd5 33. c4+
Ke5 34. g4 Kf4 35. Rxe4+ Kxe4 36. Bf8 Kd3 37. c5 Kc4 38. Bxh6 Kxb4 39. Bxg5
Kxc5 40. Ke3 Kc4 41. Kd2 Kb3 42. Kc1 c5 43. Bd8 Bg6 44. g5 b5 45. Bc7 c4 46.
Bd8 Kb4 47. Be7+ Ka4 48. Kd2 Kb3 49. Bf6 a5 50. Be5 b4 51. Bf6 a4 52. Be5 a3
53. bxa3 c3+ 54. Kc1 bxa3 55. Bh8 a2 56. Bxc3 Kxc3 0-1

[Event "Tradewise Gibraltar Master 2015"]
[Site "Gibraltar ENG"]
[Date "2015.02.01"]
[Round "6.22"]
[White "Salem, A.R. Saleh"]
[Black "Venkatesh, M.R."]
[Result "0-1"]
[WhiteElo "2603"]
[BlackElo "2460"]
[PlyCount "54"]
[EventDate "2015.01.27"]
[EventType "swiss"]
[EventRounds "10"]
[EventCountry "ENG"]
[Source "lmi"]
[SourceDate "2015.01.27"]

1. d4 Nf6 2. c4 g6 3. Nc3 Bg7 4. e4 d6 5. f3 O-O 6. Be3 e5 7. d5 c6 8. Bd3 b5
9. Nge2 b4 10. Na4 c5 11. Qd2 Nbd7 12. g4 h5 13. h4 hxg4 14. Ng3 gxf3 15. Bg5
Qa5 16. Bh6 Bxh6 17. Qxh6 Ng4 18. Qg5 Ndf6 19. Nf5 Bxf5 20. exf5 e4 21. h5 exd3
22. hxg6 Qxa4 23. Kf1 Qc2 24. gxf7+ Kxf7 25. Rh7+ Ke8 26. Re1+ Kd8 27. Rd7+ Kc8
0-1

[Event "Tradewise Gibraltar Master 2015"]
[Site "Gibraltar ENG"]
[Date "2015.02.01"]
[Round "6.23"]
[White "Carlsson, Pontus"]
[Black "Felgaer, Ruben"]
[Result "1/2-1/2"]
[WhiteElo "2465"]
[BlackElo "2575"]
[PlyCount "104"]
[EventDate "2015.01.27"]
[EventType "swiss"]
[EventRounds "10"]
[EventCountry "ENG"]
[Source "lmi"]
[SourceDate "2015.01.27"]

1. e4 c5 2. c3 Nf6 3. e5 Nd5 4. d4 cxd4 5. Nf3 e6 6. cxd4 d6 7. Bc4 Be7 8. O-O
O-O 9. Qe2 b6 10. Bd2 Bb7 11. Nc3 dxe5 12. dxe5 Nxc3 13. Bxc3 Nd7 14. Rfd1 Qc7
15. Bd3 Rfd8 16. Bc2 Nf8 17. Be4 Ng6 18. g3 Rac8 19. h4 Nf8 20. h5 h6 21. Rac1
Rxd1+ 22. Rxd1 b5 23. Ba5 Qb8 24. a3 a6 25. Rd2 Qa8 26. Bxb7 Qxb7 27. Qd3 Rc4
28. Bc3 Qc7 29. Bd4 Nd7 30. Kg2 Qb8 31. Rc2 Qb7 32. Rxc4 bxc4 33. Qe3 Bc5 34.
Bxc5 Nxc5 35. Qd4 Nd3 36. Qc3 Qe4 37. a4 a5 38. Qxa5 Nxb2 39. Qd8+ Kh7 40. Qd4
Qxd4 41. Nxd4 Nxa4 42. Kf3 g6 43. g4 Nc5 44. Ke3 g5 45. f3 c3 46. Nc2 Kg7 47.
Kd4 Nd7 48. Ne1 Kf8 49. Kxc3 Kg8 50. Nc2 Kf8 51. Ne1 Ke7 52. Kb4 f6 1/2-1/2

[Event "Tradewise Gibraltar Master 2015"]
[Site "Gibraltar ENG"]
[Date "2015.02.01"]
[Round "6.24"]
[White "Neelotpal, Das"]
[Black "Bok, Benjamin"]
[Result "1/2-1/2"]
[WhiteElo "2437"]
[BlackElo "2572"]
[PlyCount "142"]
[EventDate "2015.01.27"]
[EventType "swiss"]
[EventRounds "10"]
[EventCountry "ENG"]
[Source "lmi"]
[SourceDate "2015.01.27"]

1. d4 Nf6 2. c4 e6 3. Nf3 d5 4. e3 a6 5. b3 c5 6. Bb2 cxd4 7. exd4 b6 8. Bd3
Bb7 9. O-O Be7 10. Nbd2 O-O 11. Rc1 Nc6 12. Qe2 Re8 13. Rfd1 Bf8 14. Qe3 g6 15.
Bf1 Rc8 16. a3 Bg7 17. Ne5 dxc4 18. bxc4 Nxe5 19. Qxe5 Ne4 20. Qf4 Qc7 21. Qe3
Nxd2 22. Qxd2 Red8 23. Qb4 Rd7 24. d5 Qd8 25. Bxg7 Kxg7 26. Rb1 Rd6 27. Be2
exd5 28. cxd5 Rxd5 29. Rxd5 Qxd5 30. Bf3 Qd7 31. Qxb6 Bxf3 32. gxf3 Qd3 33.
Qb2+ Kg8 34. Rc1 Re8 35. Kg2 Qd6 36. Qd2 Qf6 37. Rc4 Re5 38. Re4 Rg5+ 39. Rg4
Rf5 40. Qe3 h5 41. Rd4 Re5 42. Rd8+ Kg7 43. Qd4 Rg5+ 44. Kf1 Rf5 45. Qxf6+ Rxf6
46. Ra8 g5 47. Kg2 Rc6 48. Kg3 f6 49. h4 Kg6 50. Rg8+ Kf5 51. Rh8 gxh4+ 52.
Kxh4 Rc4+ 53. Kxh5 Rc3 54. Rd8 Rxa3 55. Rd5+ Ke6 56. Rc5 Rxf3 57. Kg4 Ra3 58.
Rc6+ Kf7 59. f4 Ra4 60. Rb6 Kg6 61. Rc6 a5 62. Ra6 Ra1 63. f5+ Kg7 64. Kh5 Rh1+
65. Kg4 Rg1+ 66. Kh4 Ra1 67. Kh5 Rh1+ 68. Kg4 Rg1+ 69. Kh4 Ra1 70. Kh5 Rh1+ 71.
Kg4 Rg1+ 1/2-1/2

[Event "Tradewise Gibraltar Master 2015"]
[Site "Gibraltar ENG"]
[Date "2015.02.01"]
[Round "6.27"]
[White "Soumya, Swaminathan"]
[Black "Spraggett, Kevin"]
[Result "1/2-1/2"]
[WhiteElo "2346"]
[BlackElo "2538"]
[PlyCount "74"]
[EventDate "2015.01.27"]
[EventType "swiss"]
[EventRounds "10"]
[EventCountry "ENG"]
[Source "lmi"]
[SourceDate "2015.01.27"]

1. e4 d6 2. d4 Nf6 3. Nc3 g6 4. Be3 a6 5. Qd2 b5 6. f3 Nbd7 7. g4 h6 8. O-O-O
Nb6 9. Bd3 Bg7 10. h4 c6 11. Nh3 h5 12. Ng5 Nc4 13. Bxc4 bxc4 14. Qe2 d5 15. e5
Nh7 16. gxh5 Nxg5 17. hxg5 gxh5 18. Qd2 Qa5 19. a3 Rb8 20. Ne2 Qb6 21. Qc3 h4
22. Rh2 f6 23. gxf6 exf6 24. Rg1 Rb7 25. Nf4 h3 26. e6 Bf8 27. Rg3 Bd6 28.
Rhxh3 Rxh3 29. Rxh3 Bxf4 30. Rh8+ Ke7 31. Bxf4 Bxe6 32. Bd2 Kf7 33. f4 Bf5 34.
Rh5 Bg6 35. Rh1 Bh5 36. Rg1 Rb8 37. Be1 Rb7 1/2-1/2

[Event "Tradewise Gibraltar Master 2015"]
[Site "Gibraltar ENG"]
[Date "2015.02.01"]
[Round "6.28"]
[White "Plotkin, Victor"]
[Black "Lalith, Babu M.R"]
[Result "0-1"]
[WhiteElo "2306"]
[BlackElo "2537"]
[PlyCount "70"]
[EventDate "2015.01.27"]
[EventType "swiss"]
[EventRounds "10"]
[EventCountry "ENG"]
[Source "lmi"]
[SourceDate "2015.01.27"]

1. e4 c6 2. d4 d5 3. exd5 cxd5 4. Nf3 Nc6 5. Nc3 Bg4 6. Be2 e6 7. h3 Bf5 8. Bf4
Nf6 9. O-O Bd6 10. Bxd6 Qxd6 11. Nb5 Qe7 12. c3 O-O 13. Na3 Ne4 14. Nc2 Bg6 15.
Ne3 Rfd8 16. Qe1 a6 17. Nd2 e5 18. dxe5 Nxd2 19. Qxd2 d4 20. Ng4 h5 21. Nh2 d3
22. Bd1 Nxe5 23. Re1 Qf6 24. b3 Rac8 25. Rc1 Rc7 26. Nf3 Nc6 27. Ng5 Ne5 28.
Bf3 Nxf3+ 29. Nxf3 Bf5 30. Nd4 Bg6 31. Nf3 b5 32. Re3 Bf5 33. Nd4 b4 34. Nxf5
bxc3 35. Ne7+ Rxe7 0-1